| 000 | 00951nam a2200265Ia 4500 | ||
|---|---|---|---|
| 003 | OSt | ||
| 005 | 20220930072757.0 | ||
| 006 | a|||||r|||| 00| 0 | ||
| 007 | ta | ||
| 008 | 220926b |||||||| |||| 00| 0 eng d | ||
| 024 | _a24929 | ||
| 037 | _cTheses | ||
| 040 |
_aCRL _cCRL _beng |
||
| 041 |
_2eng _aeng |
||
| 100 |
_aPuri Anju _9530407 |
||
| 110 |
_aUniversity of Delhi. Faculty of Medical Sciences. Department of Preventive and Social Medicine _9519254 |
||
| 245 | 0 | _aEfficacy and coverage evaluation of measles vaccine in children aged 12-35 months in urban slums of Delhi | |
| 260 | _c1998 | ||
| 300 |
_a161p. _ap. _ccm. |
||
| 650 | _aCOMMUNITY HEALTH SERVICES | ||
| 700 |
_a Dr Vimal Kishore Gupta Supervisor _9530408 |
||
| 700 |
_aUniversity of Delhi. Faculty of Medical Sciences. Department of Preventive and Social Medicine _9519256 |
||
| 942 |
_cDIS _2CC |
||
| 999 |
_c864302 _d864302 |
||